al-Fikr al-'Arabi al-ḥadith. (Record no. 47799)

MARC details
000 -LEADER
fixed length control field 00544cam a22002171 4500
001 - CONTROL NUMBER
control field ne 64003646
003 - CONTROL NUMBER IDENTIFIER
control field DLC
005 - DATE AND TIME OF LATEST TRANSACTION
control field 20260227111809.0
008 - FIXED-LENGTH DATA ELEMENTS--GENERAL INFORMATION
fixed length control field 890904s1943 xx 000 0 ara
010 ## - LIBRARY OF CONGRESS CONTROL NUMBER
LC control number ne 64003646
035 ## - SYSTEM CONTROL NUMBER
System control number (OCoLC)23510645
040 ## - CATALOGING SOURCE
Original cataloging agency DLC
Transcribing agency MiU
Modifying agency DLC
042 ## - AUTHENTICATION CODE
Authentication code premarc
050 00 - LIBRARY OF CONGRESS CALL NUMBER
Classification number H53.A5
Item number K5
100 1# - MAIN ENTRY--PERSONAL NAME
Personal name Khüri, Ra'lf.
245 13 - TITLE STATEMENT
Title al-Fikr al-'Arabi al-ḥadith.
260 ## - PUBLICATION, DISTRIBUTION, ETC.
Date of publication, distribution, etc. 1948
300 ## - PHYSICAL DESCRIPTION
Extent 289 p.
Dimensions 26 cm.
504 ## - BIBLIOGRAPHY, ETC. NOTE
Bibliography, etc. note Bibliographical footnotes.
651 #0 - SUBJECT ADDED ENTRY--GEOGRAPHIC NAME
Geographic name Arab countries
General subdivision Intellectual life.

No items available.

Powered by Koha